00503 2200193 4500245007800000020001800078250001100096700001700107700001800124100002100142650001700163005001900180260003100199041001400230084001300244300003200257336000900289338001100298 aPsychic Detective Yakumo b : The Alternative Story 8cOda, SuzukahText a9786022662211 aCet. 1 aYoke Yuliana aAswini Rosita aKaminaga, Manabu aKomik Jepang a20230206085152 aJakartabPT Gramediac2013 aIndonesia a741.5592 a... jil. :bilus. ;c18 cm. atext avolume